000
00330nam a2200133Ia 4500
008
221030s9999 xx 000 0 und d
041
_a
English
100
_a
D. S. Yadav
245
0
_a
Microcontrollers - Features & Application
_c
by D. S. Yadav, A. K. Singh
260
_c
0
650
_a
B
700
_a
A. K. Singh
942
_c
BK
999
_c
16899
_d
16899